000 00705nam a22002297a 4500
005 20250808142544.0
010 _aENG-126314 ENG-146429
020 _c995.00
_a978-93-80458-73-1
035 _aEN-109846
035 _aEN-129961
037 _bDBAD
082 _aN
100 _aShrivastav, Santosh
_983998
245 _aRomancing The Thames/
_cby Santosh Shrivastav;translated by Sheel Negam [and] Vinay Nigam
260 _aNew Delhi
_bSamayik Books
_c2019,2024
270 _bNew Delhi
_a3320-21 Jatwara, Daryaganj, N.S. Marg,
_e110002
300 _a352p.
_c22cm(hb)
650 _aENGLISH NOVEL
_983999
700 _aNegam,Sheel
_984000
700 _aNigam,Vinay
_984001
942 _2ddc
_cEN
_hN
_mSHR
999 _c167278
_d167278